00575nam a2200157 a 450000100100000000500170001000800410002704000250006811000720009324500620016526000390022730000200026604900090028695201050029599900170040000002929820200930055446.0110414s19uu dr 000 0 spa d aDO-SdBNPbspacBNPHU1 aRepública Dominicana.bPartido Social Demócrata Nacional95618310aPSN :bhacia un nuevo rumbo junto al pueblo y por la paz. aSanto Domingo :bTele-3,c[19--?]. a25 p. ;c22 cm. aBNPD 0010718PDaPDbPDcCTd2011-04-14iLF1l0o p29298-10r2020-06-25w2020-06-25yLFPDZNo se presta c28790d28790